00618nam a22002057a 450000500170000001000130001702000230003003500130005303700160006604000120008208200180009410000170011224500660012926000370019527000640023230000270029650000440032365000340036765000110040120170124110234.0 aB-021646 c200.00a8175240474 aB-021646 bCen Lib/Ret aDPLbEN a617.1027bAMB aAmbast, Anju aPrevention and treatment of sports injuries /cby Anju Ambast aDelhibKhel Sahitya Kendrac2000 aWP-474, 1st Floor, Shiv Market Ashok Vihar-IbDelhie110052 a81p. :c20cm(Hb)bill. aIncludes bibliographical references  aPrevention -- Sports injuries aSports